[Event "Cheliabinsk Panchenko Memorial op"]
[Site "Cheliabinsk"]
[Date "2019.09.17"]
[Round "9"]
[White "Eidelson, Rakhil"]
[Black "Mokin, Nikolai"]
[Result "0-1"]
[WhiteElo "2064"]
[BlackElo "2259"]
[PlyCount "44"]
[EventDate "2019.09.09"]
[EventType "swiss"]
[EventRounds "9"]
[EventCountry "RUS"]
[SourceTitle "EXT 2020"]
[Source "ChessBase"]
[SourceDate "2019.10.17"]
[SourceVersion "1"]
[SourceVersionDate "2019.10.17"]
[SourceQuality "1"]

1. d4 Nf6 2. Nf3 g6 3. Nc3 d5 4. Bf4 Bg7 5. Qd2 Ne4 6. Nxe4 dxe4 7. Ne5 b5 8. h3 f6 9. Ng4 h5 10. Nh2 g5 11. Be3 Nc6 12. f3 Bf5 13. g4 hxg4 14. fxg4 Bg6 15. Bg2 Qd5 16. 0-0 0-0-0 17. a4 b4 18. Rad1 e5 19. dxe5 Qxe5 20. Qe1 Kb7 21. c3 b3 22. Rxd8 Rxd8 0-1

[Event "Cheliabinsk Panchenko Memorial op"]
[Site "Cheliabinsk"]
[Date "2019.09.13"]
[Round "5"]
[White "Mirzoev, Azer"]
[Black "Mokin, Nikolai"]
[Result "1/2-1/2"]
[WhiteElo "2502"]
[BlackElo "2259"]
[PlyCount "82"]
[EventDate "2019.09.09"]
[EventType "swiss"]
[EventRounds "9"]
[EventCountry "RUS"]
[SourceTitle "EXT 2020"]
[Source "ChessBase"]
[SourceDate "2019.10.17"]
[SourceVersion "1"]
[SourceVersionDate "2019.10.17"]
[SourceQuality "1"]

1. d4 Nf6 2. Nf3 g6 3. Nbd2 d5 4. e3 Bg7 5. b4 0-0 6. c4 b6 7. Ba3 dxc4 8. Bxc4 Bb7 9. 0-0 Nbd7 10. Rc1 a6 11. Qe2 Re8 12. Rfd1 e6 13. Bb2 Qe7 14. a3 c5 15. dxc5 bxc5 16. b5 axb5 17. Bxb5 Reb8 18. a4 Ba6 19. Nb3 Bxb5 20. axb5 Nd5 21. Bxg7 Kxg7 22. h3 Ra4 23. Rc4 Rb4 24. Rxb4 cxb4 25. Qd3 N7f6 26. Nfd4 Rb6 27. Ra1 Nc3 28. Ra6 Qc7 29. Rxb6 Qxb6 30. Qc4 e5 31. Nc6 Qxb5 32. Qxb5 Nxb5 33. Nxe5 Nd5 34. e4 Nf4 35. Nc6 Nd3 36. Kf1 Nc3 37. e5 h5 38. h4 g5 39. hxg5 Kg6 40. Ncd4 Kxg5 41. e6 fxe6 1/2-1/2

[Event "Cheliabinsk Panchenko Memorial op"]
[Site "Cheliabinsk"]
[Date "2019.09.11"]
[Round "3"]
[White "Lobanov, Sergei"]
[Black "Mokin, Nikolai"]
[Result "1-0"]
[WhiteElo "2515"]
[BlackElo "2259"]
[PlyCount "47"]
[EventDate "2019.09.09"]
[EventType "swiss"]
[EventRounds "9"]
[EventCountry "RUS"]
[SourceTitle "EXT 2020"]
[Source "ChessBase"]
[SourceDate "2019.10.17"]
[SourceVersion "1"]
[SourceVersionDate "2019.10.17"]
[SourceQuality "1"]

1. e4 c5 2. Nf3 e6 3. d4 cxd4 4. Nxd4 a6 5. Nc3 Qc7 6. Bd3 Nc6 7. Be3 Bb4 8. Qg4 g6 9. Nxc6 dxc6 10. e5 Bxc3+ 11. bxc3 Qxe5 12. 0-0 f6 13. Rfe1 Kf7 14. Rab1 Qd6 15. Rbd1 Qc7 16. Bc4 h5 17. Qe4 Qe5 18. Qxe5 fxe5 19. Rd8 b5 20. Bd3 Rh7 21. Bg5 Nf6 22. Re3 Nd5 23. Rf3+ Kg7 24. Rff8 1-0

[Event "Cheliabinsk Panchenko Memorial-B"]
[Site "Cheliabinsk"]
[Date "2018.10.11"]
[Round "6"]
[White "Mokin, Nikolai"]
[Black "Khusenkhojaev, Muhammad"]
[Result "0-1"]
[WhiteElo "2253"]
[BlackElo "2443"]
[PlyCount "118"]
[EventDate "2018.10.06"]
[EventType "tourn"]
[EventRounds "9"]
[EventCountry "RUS"]
[EventCategory "5"]
[SourceTitle "CBM 186 Extra"]
[Source "ChessBase"]
[SourceDate "2018.08.24"]
[SourceVersion "1"]
[SourceVersionDate "2018.08.24"]
[SourceQuality "1"]

1. d4 d5 2. Nf3 Nf6 3. c4 dxc4 4. e3 e6 5. Bxc4 c5 6. 0-0 a6 7. b3 b5 8. Be2 Bb7 9. a4 b4 10. Bb2 Nbd7 11. Nbd2 Be7 12. Rc1 0-0 13. dxc5 Nxc5 14. Ne5 Rc8 15. Bd4 Nd5 16. Bf3 f6 17. Nec4 Rf7 18. Qc2 Bf8 19. Ne4 Nxe4 20. Bxe4 g6 21. Rfd1 Rd7 22. Qb1 Bg7 23. Bf3 f5 24. Bxd5 Rxd5 25. Bxg7 Kxg7 26. f3 Qg5 27. Qb2+ Qf6 28. Qe2 Rcd8 29. Nb6 Rxd1+ 30. Rxd1 Kh6 31. a5 Rxd1+ 32. Qxd1 Qc3 33. Kf2 Qb2+ 34. Kg1 Qc3 35. Kf2 Qb2+ 36. Kg1 Qe5 37. Qe1 g5 38. Qxb4 Qxe3+ 39. Kf1 Qd3+ 40. Kf2 Qc2+ 41. Kf1 Qd3+ 42. Kf2 Qc2+ 43. Kf1 Qb1+ 44. Kf2 Qb2+ 45. Kf1 Bc6 46. Qf8+ Qg7 47. Qd6 Bb5+ 48. Nc4 Qf6 49. Kf2 f4 50. Ne5 Qf5 51. h4 gxh4 52. Ng4+ Kg7 53. Qe7+ Qf7 54. Qxh4 Qa7+ 55. Ke1 Qg1+ 56. Kd2 Qd4+ 57. Kc2 Bd3+ 58. Kd2 Bc4+ 59. Ke1 Qa1+ 0-1

[Event "Cheliabinsk Panchenko Memorial-B"]
[Site "Cheliabinsk"]
[Date "2018.10.09"]
[Round "4"]
[White "Mokin, Nikolai"]
[Black "Sitnikov, Anton"]
[Result "0-1"]
[WhiteElo "2253"]
[BlackElo "2446"]
[PlyCount "98"]
[EventDate "2018.10.06"]
[EventType "tourn"]
[EventRounds "9"]
[EventCountry "RUS"]
[EventCategory "5"]
[SourceTitle "CBM 186 Extra"]
[Source "ChessBase"]
[SourceDate "2018.08.24"]
[SourceVersion "1"]
[SourceVersionDate "2018.08.24"]
[SourceQuality "1"]

1. d4 d6 2. Nf3 Bg4 3. e3 Nd7 4. Be2 c6 5. c4 e6 6. e4 a6 7. 0-0 Ngf6 8. h3 Bh5 9. Nbd2 e5 10. Qc2 Be7 11. Re1 0-0 12. b3 Bg6 13. dxe5 dxe5 14. Bb2 Qc7 15. Nh4 Qb6 16. Rf1 Rfe8 17. Nxg6 hxg6 18. g3 Rad8 19. Kg2 Nh7 20. Bg4 Nc5 21. Rad1 Nd3 22. Bc3 Bb4 23. Ba1 Bf8 24. Nf3 Nb4 25. Qe2 Qa5 26. a4 Rxd1 27. Rxd1 Nf6 28. Ng5 Qc7 29. Qf3 Nxg4 30. Qxg4 f6 31. Nf3 Qf7 32. Bc3 Na2 33. Ba5 Bc5 34. Rd7 f5 35. Rxf7 fxg4 36. Ng5 b6 37. Rc7 bxa5 38. Rxc6 Be7 39. Rxg6 gxh3+ 40. Nxh3 Bf6 41. f4 exf4 42. Kf3 Nc3 43. Nf2 fxg3 44. Rxg3 Bh4 45. Rh3 Bxf2 46. Kxf2 Nxe4+ 47. Kg2 Nc5 48. Rg3 Kf7 49. Rg5 Nxb3 0-1

[Event "Cheliabinsk Vasenko Cup"]
[Site "Cheliabinsk"]
[Date "2017.06.01"]
[Round "6"]
[White "Mokin, Nikolai"]
[Black "Borisenko, Viacheslav"]
[Result "1-0"]
[WhiteElo "2277"]
[BlackElo "2288"]
[PlyCount "105"]
[EventDate "2017.05.27"]
[EventType "tourn"]
[EventRounds "9"]
[EventCountry "RUS"]
[EventCategory "4"]
[SourceTitle "EXT 2018"]
[Source "ChessBase"]
[SourceDate "2017.10.13"]
[SourceVersion "1"]
[SourceVersionDate "2017.10.13"]
[SourceQuality "1"]

1. d4 d6 2. Nf3 g6 3. c4 Bg7 4. Nc3 Nf6 5. e4 0-0 6. Be2 e5 7. 0-0 Nc6 8. d5 Ne7 9. b4 Nh5 10. Re1 Nf4 11. Bf1 h6 12. c5 f5 13. Bxf4 fxe4 14. Bxe5 exf3 15. Bxg7 Kxg7 16. g3 Ng8 17. Rc1 Bd7 18. Ne4 Bf5 19. cxd6 cxd6 20. Qxf3 Bxe4 21. Qc3+ Qf6 22. Rxe4 Qxc3 23. Rxc3 Rac8 24. Rec4 Rxc4 25. Rxc4 Kf6 26. f4 Ne7 27. Rc7 Rb8 28. Rd7 Nf5 29. g4 Nh4 30. Rxd6+ Kf7 31. Kf2 Rc8 32. Rd7+ Kf6 33. Rxb7 Rc2+ 34. Ke3 Rxa2 35. h3 Ra3+ 36. Kd4 Nf3+ 37. Kc5 Rc3+ 38. Kd6 Nd2 39. Bb5 g5 40. fxg5+ hxg5 41. Bc6 Nc4+ 42. Kc7 Ke5 43. Rb8 Rxh3 44. Re8+ Kf4 45. d6 Nxd6 46. Kxd6 Rd3+ 47. Kc7 Kxg4 48. b5 Kf4 49. Kb7 Ra3 50. Ra8 g4 51. Rxa7 Rb3 52. Ra2 g3 53. b6 1-0

[Event "Cheliabinsk Vasenko Cup"]
[Site "Cheliabinsk"]
[Date "2017.05.30"]
[Round "4"]
[White "Mokin, Nikolai"]
[Black "Tosic, Miroslav"]
[Result "0-1"]
[WhiteElo "2277"]
[BlackElo "2405"]
[PlyCount "106"]
[EventDate "2017.05.27"]
[EventType "tourn"]
[EventRounds "9"]
[EventCountry "RUS"]
[EventCategory "4"]
[SourceTitle "EXT 2018"]
[Source "ChessBase"]
[SourceDate "2017.10.13"]
[SourceVersion "1"]
[SourceVersionDate "2017.10.13"]
[SourceQuality "1"]

1. d4 Nf6 2. Nf3 c6 3. c4 d6 4. Nc3 Nbd7 5. e4 e5 6. Be2 Be7 7. 0-0 0-0 8. Rb1 a5 9. b3 Re8 10. Re1 exd4 11. Nxd4 Bf8 12. Bf3 Ne5 13. Bg5 Ng6 14. h3 h6 15. Bc1 Bd7 16. Ba3 Nh4 17. Qd3 Qb6 18. Nc2 Rad8 19. Rbd1 Bc8 20. Bb2 d5 21. cxd5 cxd5 22. e5 Bf5 23. Qd2 Ne4 24. Bxe4 dxe4 25. Qf4 g5 26. Qg3 Bg7 27. Nd5 Qc5 28. Nce3 Be6 29. Rc1 Qa7 30. Nc7 Re7 31. Ba3 Rxc7 32. Rxc7 Rd2 33. Bc5 Qa6 34. Nc4 Rd3 35. Be3 Nf5 36. Qh2 a4 37. h4 axb3 38. axb3 Nxh4 39. Nd2 Rd5 40. Rc5 Qd3 41. Rxd5 Qxd5 42. Qh1 Bg4 43. Kh2 Bxe5+ 44. g3 Nf3+ 45. Nxf3 Bxf3 46. Qf1 Qxb3 47. Qh3 Kg7 48. Qd7 Qb4 49. Rc1 Qb2 50. Qf5 Bf6 51. Rc8 Qb1 52. Rc1 Qd3 53. Rc8 Qf1 0-1

[Event "RUS-chT2"]
[Site "Sochi"]
[Date "2017.05.08"]
[Round "7.5"]
[White "Wagner, Dinara"]
[Black "Mokin, Nikolai"]
[Result "1-0"]
[WhiteElo "2271"]
[BlackElo "2277"]
[PlyCount "41"]
[EventDate "2017.05.01"]
[EventType "team-swiss"]
[EventRounds "9"]
[EventCountry "RUS"]
[SourceTitle "CBM 178 Extra"]
[Source "ChessBase"]
[SourceDate "2017.06.22"]
[SourceVersion "1"]
[SourceVersionDate "2017.06.22"]
[SourceQuality "1"]
[WhiteTeam "Moscow SSHOR Youth"]
[BlackTeam "Cheliabinsk Yuzhnyy Ural"]
[WhiteTeamCountry "RUS"]
[BlackTeamCountry "RUS"]

1. Nf3 Nf6 2. c4 g6 3. g3 Bg7 4. Bg2 0-0 5. 0-0 d6 6. d4 Nbd7 7. Nc3 c6 8. h3 e5 9. e4 Qb6 10. Re1 exd4 11. Nxd4 Re8 12. Nc2 Qc7 13. b3 Nh5 14. Bb2 a5 15. Qd2 Nc5 16. Rad1 Qb6 17. Qxd6 Be6 18. Ba3 Nxb3 19. Na4 Qa7 20. axb3 b5 21. Bc5 1-0

[Event "RUS-chT2"]
[Site "Sochi"]
[Date "2017.05.03"]
[Round "3.4"]
[White "Mokin, Nikolai"]
[Black "Babarykin, Stanislav"]
[Result "1-0"]
[WhiteElo "2277"]
[BlackElo "2354"]
[PlyCount "63"]
[EventDate "2017.05.01"]
[EventType "team-swiss"]
[EventRounds "9"]
[EventCountry "RUS"]
[SourceTitle "CBM 178 Extra"]
[Source "ChessBase"]
[SourceDate "2017.06.22"]
[SourceVersion "1"]
[SourceVersionDate "2017.06.22"]
[SourceQuality "1"]
[WhiteTeam "Cheliabinsk Yuzhnyy Ural"]
[BlackTeam "Smolensk Region VOS"]
[WhiteTeamCountry "RUS"]
[BlackTeamCountry "RUS"]

1. Nf3 Nf6 2. d4 g6 3. c4 Bg7 4. Nc3 0-0 5. e4 d6 6. Be2 e5 7. 0-0 Nc6 8. d5 Ne7 9. b4 Nh5 10. Re1 f5 11. Nd2 Nf6 12. c5 fxe4 13. cxd6 cxd6 14. Ndxe4 Nf5 15. Nxf6+ Bxf6 16. Ne4 Bg7 17. b5 Rf7 18. Ba3 Bf8 19. Bb2 Bd7 20. a4 a6 21. bxa6 bxa6 22. a5 Rb8 23. Bc3 Bb5 24. Rb1 Rfb7 25. Bxb5 Rxb5 26. Qd3 Be7 27. Rbc1 Qf8 28. Bd2 Rc8 29. h3 Rxc1 30. Rxc1 Qa8 31. Rc7 Qb8 32. Qc4 1-0

[Event "Tiumen UrFO-ch op"]
[Site "Tiumen"]
[Date "2009.05.10"]
[Round "7"]
[White "Mokin, Nikolai"]
[Black "Postnikov, Daniil"]
[Result "1-0"]
[WhiteElo "2296"]
[BlackElo "2116"]
[PlyCount "71"]
[EventDate "2009.05.04"]
[EventType "swiss"]
[EventRounds "9"]
[EventCountry "RUS"]
[SourceTitle "EXT 2010"]
[Source "ChessBase"]
[SourceDate "2010.11.25"]
[SourceVersion "1"]
[SourceVersionDate "2010.11.25"]
[SourceQuality "1"]

1. d4 Nf6 2. c4 g6 3. Nc3 d5 4. Nf3 Bg7 5. Bg5 Ne4 6. Bh4 Nxc3 7. bxc3 c5 8. e3 cxd4 9. cxd4 Nc6 10. Be2 0-0 11. 0-0 Bf5 12. Rc1 Rc8 13. h3 h6 14. Re1 Be6 15. c5 g5 16. Bg3 Bf5 17. Qb3 Qd7 18. Bb5 Qe6 19. Bf1 Qd7 20. Rcd1 Rcd8 21. Rd2 Qc8 22. Rb2 Rd7 23. Bb5 e6 24. Qa4 Qa8 25. Bd6 Rc8 26. Ne5 Bxe5 27. dxe5 Kg7 28. h4 f6 29. exf6+ Kxf6 30. e4 dxe4 31. Rxe4 a6 32. Bxc6 Rxc6 33. Qd4+ Kf7 34. Re5 b6 35. Rxf5+ exf5 36. Qd5+ 1-0

[Event "Sverdlovsk Region-ch final"]
[Site "Ekaterinburg"]
[Date "2008.11.27"]
[Round "7"]
[White "Mokin, Nikolai"]
[Black "Taborsky, Rostislav"]
[Result "1-0"]
[WhiteElo "2290"]
[BlackElo "2267"]
[PlyCount "147"]
[EventDate "2008.11.23"]
[EventType "swiss"]
[EventRounds "9"]
[EventCountry "RUS"]
[SourceTitle "EXT 2022"]
[Source "ChessBase"]
[SourceDate "2021.10.06"]
[SourceVersion "1"]
[SourceVersionDate "2021.10.06"]
[SourceQuality "1"]

1. d4 e6 2. c4 f5 3. Nc3 Bb4 4. Qc2 Nf6 5. g3 Nc6 6. Nf3 0-0 7. Bg2 d6 8. 0-0 Bxc3 9. Qxc3 Ne4 10. Qc2 e5 11. Rd1 Qf6 12. e3 a5 13. b3 Ng5 14. Nxg5 Qxg5 15. f4 Qe7 16. a3 e4 17. d5 Nb8 18. Bb2 Na6 19. Bf1 Bd7 20. Bc3 Nc5 21. Rdb1 b6 22. b4 Ba4 23. Qf2 Nd3 24. Qd2 axb4 25. axb4 b5 26. c5 dxc5 27. bxc5 Qxc5 28. Bxd3 exd3 29. Qxd3 Rfd8 30. Qd4 Qxd4 31. Bxd4 Rxd5 32. Rc1 Rc8 33. Rc6 Rd6 34. Rc5 g6 35. Rac1 c6 36. h3 Kf7 37. g4 fxg4 38. hxg4 Ke6 39. Kf2 b4 40. R5c4 Rb8 41. Rb1 Kd5 42. Rcxb4 Rxb4 43. Rxb4 Bc2 44. Be5 Rd7 45. Rd4+ Ke6 46. Rc4 Rd2+ 47. Kg3 Kd5 48. Rb4 Be4 49. Rb7 Rg2+ 50. Kh3 h5 51. gxh5 gxh5 52. Rd7+ Ke6 53. Rd6+ Ke7 54. Rd4 Bf3 55. Bd6+ Ke6 56. Bc5 Re2 57. Rd6+ Kf5 58. Bd4 Bd5 59. Rh6 Ke4 60. Kg3 Bf7 61. Rxc6 Re1 62. Rc5 Bd5 63. f5 Rf1 64. f6 Rf3+ 65. Kh4 Rf5 66. Rc7 Kf3 67. Re7 Be4 68. Re8 Bd5 69. Rh8 Ke4 70. Rh7 Bc4 71. Rg7 Bd5 72. Rg5 Rxg5 73. Kxg5 Kf3 74. Kxh5 1-0

[Event "Sverdlovsk Region-ch final"]
[Site "Ekaterinburg"]
[Date "2008.11.25"]
[Round "3"]
[White "Krutko, Anatoly"]
[Black "Mokin, Nikolai"]
[Result "1-0"]
[WhiteElo "2440"]
[BlackElo "2290"]
[PlyCount "47"]
[EventDate "2008.11.23"]
[EventType "swiss"]
[EventRounds "9"]
[EventCountry "RUS"]
[SourceTitle "EXT 2022"]
[Source "ChessBase"]
[SourceDate "2021.10.06"]
[SourceVersion "1"]
[SourceVersionDate "2021.10.06"]
[SourceQuality "1"]

1. e4 c5 2. Nf3 d6 3. Bb5+ Bd7 4. Bxd7+ Qxd7 5. 0-0 Nc6 6. Qe2 Nf6 7. Rd1 g5 8. c3 g4 9. Ne1 Qe6 10. d3 d5 11. Bg5 Nh5 12. Nc2 Rg8 13. Be3 0-0-0 14. exd5 Rxd5 15. d4 f5 16. Re1 cxd4 17. Nxd4 Nxd4 18. cxd4 Rd7 19. Qc2+ Rc7 20. Nc3 Qd7 21. Qb3 Rg6 22. Qf7 Bg7 23. Qg8+ Qd8 24. Qxh7 1-0

[Event "Ekaterinburg UrFO-ch"]
[Site "Ekaterinburg"]
[Date "2008.03.20"]
[Round "6"]
[White "Yamszhchikov, Alexey"]
[Black "Mokin, Nikolai"]
[Result "1-0"]
[WhiteElo "2096"]
[BlackElo "2321"]
[PlyCount "168"]
[EventDate "2008.03.15"]
[EventType "swiss"]
[EventRounds "9"]
[EventCountry "RUS"]
[SourceTitle "EXT 2009"]
[Source "ChessBase"]
[SourceDate "2008.11.26"]
[SourceVersion "1"]
[SourceVersionDate "2008.11.26"]
[SourceQuality "1"]

1. Nf3 d5 2. c4 c6 3. b3 Bg4 4. Bb2 Nd7 5. e3 Ngf6 6. Be2 e6 7. 0-0 Bd6 8. h3 Bh5 9. d4 Qc7 10. Nbd2 0-0 11. c5 Be7 12. b4 Ne4 13. Nxe4 dxe4 14. Nd2 Bg6 15. Nc4 Rad8 16. Qb3 Nf6 17. b5 Nd5 18. b6 axb6 19. cxb6 Qb8 20. Ba3 Bxa3 21. Qxa3 f5 22. f4 exf3 23. Bxf3 Qg3 24. Bxd5 exd5 25. Ne5 Bh5 26. Rf2 c5 27. Qxc5 Qxe3 28. Raf1 f4 29. a4 Rf5 30. Qe7 Rdf8 31. Qe6+ Kh8 32. Qxd5 Be2 33. Re1 f3 34. gxf3 Rg5+ 35. Kh1 Bxf3+ 36. Nxf3 Qxf2 37. Qxg5 Qxf3+ 38. Qg2 Qc3 39. Rg1 g6 40. Rf1 Rd8 41. Rd1 Qb3 42. Rd2 Qxb6 43. d5 Qb1+ 44. Kh2 Qb4 45. Qg5 Qd6+ 46. Kg2 Re8 47. Qg4 Kg8 48. Qd4 Re5 49. h4 Rf5 50. Qc4 Kg7 51. a5 Kh6 52. Rd3 Kh5 53. Qc1 Rf4 54. Qd1+ Kxh4 55. Rd4 Rxd4 56. Qxd4+ Kg5 57. Qe3+ Kf6 58. Qf3+ Ke5 59. Qc3+ Kf5 60. Qh3+ Kf6 61. Qxh7 Qxd5+ 62. Kf2 g5 63. Qh6+ Kf5 64. Qh3+ Kg6 65. Qc3 Qe4 66. Qb3 Kh5 67. Kg3 Qe1+ 68. Kg2 Qd2+ 69. Kg3 Qd6+ 70. Kg2 Qd7 71. Qb1 g4 72. Qh1+ Kg5 73. Qc1+ Kf5 74. Qb1+ Ke5 75. Kg3 Kd6 76. Qb6+ Ke5 77. Qb1 Kf6 78. Qe4 Kf7 79. Qxg4 Ke7 80. Qg7+ Kd8 81. Qb2 Kc8 82. Qb4 Qf5 83. Qb6 Qe4 84. Kf2 Qd5 1-0

[Event "Ekaterinburg UrFO-ch"]
[Site "Ekaterinburg"]
[Date "2008.03.18"]
[Round "4"]
[White "Inozemtsev, Sergei"]
[Black "Mokin, Nikolai"]
[Result "1-0"]
[WhiteElo "2414"]
[BlackElo "2321"]
[PlyCount "95"]
[EventDate "2008.03.15"]
[EventType "swiss"]
[EventRounds "9"]
[EventCountry "RUS"]
[SourceTitle "EXT 2009"]
[Source "ChessBase"]
[SourceDate "2008.11.26"]
[SourceVersion "1"]
[SourceVersionDate "2008.11.26"]
[SourceQuality "1"]

1. e4 c5 2. Nf3 d6 3. d3 Nc6 4. g3 g6 5. Bg2 Bg7 6. 0-0 Nf6 7. Nbd2 0-0 8. Nc4 d5 9. exd5 Nxd5 10. Re1 Bg4 11. h3 Bxf3 12. Qxf3 e6 13. c3 Qd7 14. a4 h6 15. a5 Rad8 16. Be3 Qe7 17. Ra3 f5 18. Bc1 e5 19. a6 b6 20. Qxd5+ Rxd5 21. Bxd5+ Kh7 22. Bxc6 Rd8 23. Bg2 Qc7 24. Bf1 b5 25. Na5 Bf8 26. c4 b4 27. Ra1 f4 28. Re4 g5 29. Nb3 h5 30. Nd2 g4 31. Re1 gxh3 32. Bxh3 Kh8 33. Bf1 Bh6 34. Ne4 Rg8 35. Be2 Qf7 36. Kg2 Rf8 37. Kh2 Kg7 38. Rg1 Kh7 39. g4 f3 40. g5 fxe2 41. gxh6 Kh8 42. Bg5 Qf3 43. Rg3 Qf5 44. Kg2 h4 45. Bxh4 Qh5 46. Bf6+ Kh7 47. Bg7 Rf7 48. Re1 1-0

[Event "Ekaterinburg UrFO-ch"]
[Site "Ekaterinburg"]
[Date "2008.03.17"]
[Round "3"]
[White "Pridorozhni, Aleksei"]
[Black "Mokin, Nikolai"]
[Result "1/2-1/2"]
[WhiteElo "2510"]
[BlackElo "2321"]
[PlyCount "87"]
[EventDate "2008.03.15"]
[EventType "swiss"]
[EventRounds "9"]
[EventCountry "RUS"]
[SourceTitle "EXT 2009"]
[Source "ChessBase"]
[SourceDate "2008.11.26"]
[SourceVersion "1"]
[SourceVersionDate "2008.11.26"]
[SourceQuality "1"]

1. e4 c5 2. Nc3 d6 3. Nf3 Nf6 4. Bc4 e6 5. 0-0 a6 6. a4 Qc7 7. Ba2 Be7 8. d4 cxd4 9. Nxd4 0-0 10. f4 Nc6 11. Be3 Bd7 12. Kh1 Nxd4 13. Qxd4 Ng4 14. Bg1 Bf6 15. Qd3 Bxc3 16. bxc3 Rac8 17. h3 Nf6 18. e5 dxe5 19. fxe5 Nd5 20. Bxd5 exd5 21. Bd4 b5 22. a5 Qc4 23. Qg3 Be6 24. Rf4 Qe2 25. Qd3 Qh5 26. Raf1 Rc4 27. R1f3 Ra4 28. Qe3 Rxa5 29. Bc5 Re8 30. Kh2 Ra2 31. Rg3 Rxc2 32. Rff3 h6 33. Qf4 Re2 34. Qf6 g6 35. Rf4 Re4 36. Rxe4 dxe4 37. Qf4 Kg7 38. Qxe4 Qd1 39. Be3 a5 40. Rf3 Qd8 41. Qf4 g5 42. Qg3 a4 43. Bc5 Qd5 44. Bd6 1/2-1/2

[Event "Ekaterinburg UrFO-ch"]
[Site "Ekaterinburg"]
[Date "2008.03.16"]
[Round "2"]
[White "Mokin, Nikolai"]
[Black "Krutko, Anatoly"]
[Result "1-0"]
[WhiteElo "2321"]
[BlackElo "2465"]
[PlyCount "57"]
[EventDate "2008.03.15"]
[EventType "swiss"]
[EventRounds "9"]
[EventCountry "RUS"]
[SourceTitle "EXT 2009"]
[Source "ChessBase"]
[SourceDate "2008.11.26"]
[SourceVersion "1"]
[SourceVersionDate "2008.11.26"]
[SourceQuality "1"]

1. d4 Nf6 2. c4 g6 3. Nc3 Bg7 4. e4 0-0 5. Nf3 d6 6. Be2 Na6 7. 0-0 e5 8. Be3 Qe8 9. dxe5 dxe5 10. h3 b6 11. a3 Bb7 12. Qc2 Nd7 13. b4 f5 14. c5 f4 15. Bd2 c6 16. Nb5 cxb5 17. c6 Bc8 18. Bxb5 Nf6 19. Bxa6 Bxa6 20. b5 Bxb5 21. Qb3+ Rf7 22. Qxb5 Nxe4 23. Qc4 Nxd2 24. Nxd2 Rc8 25. Rac1 Bf8 26. Ne4 Bxa3 27. Nf6+ Kg7 28. Nxe8+ Rxe8 29. Rcd1 1-0

[Event "Cheliabinsk Region-ch"]
[Site "Cheliabinsk"]
[Date "2008.03.06"]
[Round "6"]
[White "Zakharov, Igor N"]
[Black "Mokin, Nikolai"]
[Result "1-0"]
[WhiteElo "2200"]
[BlackElo "2321"]
[PlyCount "85"]
[EventDate "2008.03.01"]
[EventType "swiss"]
[EventRounds "9"]
[EventCountry "RUS"]
[SourceTitle "CBM 123 Extra"]
[Source "ChessBase"]
[SourceDate "2008.05.06"]
[SourceVersion "1"]
[SourceVersionDate "2008.05.06"]
[SourceQuality "1"]

1. d4 Nf6 2. Nf3 g6 3. c4 Bg7 4. Nc3 d5 5. cxd5 Nxd5 6. e4 Nxc3 7. bxc3 c5 8. Rb1 0-0 9. Be2 Nc6 10. d5 Bxc3+ 11. Bd2 Bxd2+ 12. Qxd2 Na5 13. h4 f6 14. h5 g5 15. Nxg5 e5 16. Nf3 b6 17. g4 Kh8 18. Nh4 Rf7 19. f4 Rg7 20. fxe5 fxe5 21. Ng6+ Kg8 22. d6 Bb7 23. a4 c4 24. Qxa5 Rxg6 25. Bxc4+ Kg7 26. hxg6 bxa5 27. Rxb7+ Kxg6 28. Rhxh7 Kg5 29. Bd5 Rc8 30. Rhc7 Rb8 31. d7 Kf4 32. Kd2 Qh8 33. Rxb8 Qxb8 34. Rb7 Qd6 35. Kd3 Kg5 36. Kc4 Kf6 37. Kb5 a6+ 38. Kxa5 Ke7 39. g5 Kd8 40. Rb6 Qc5+ 41. Kxa6 Ke7 42. g6 Qc7 43. g7 1-0

[Event "Cheliabinsk Region-ch"]
[Site "Cheliabinsk"]
[Date "2008.03.03"]
[Round "3"]
[White "Mokin, Nikolai"]
[Black "Matveev, Stanislav"]
[Result "1-0"]
[WhiteElo "2321"]
[BlackElo "2052"]
[PlyCount "89"]
[EventDate "2008.03.01"]
[EventType "swiss"]
[EventRounds "9"]
[EventCountry "RUS"]
[SourceTitle "CBM 123 Extra"]
[Source "ChessBase"]
[SourceDate "2008.05.06"]
[SourceVersion "1"]
[SourceVersionDate "2008.05.06"]
[SourceQuality "1"]

1. d4 Nf6 2. c4 g6 3. Nc3 Bg7 4. e4 d6 5. Nf3 0-0 6. Be2 e5 7. 0-0 Nc6 8. d5 Ne7 9. b4 Nh5 10. Re1 f5 11. Ng5 Nf6 12. f3 Kh8 13. Be3 Nh5 14. c5 Bh6 15. h4 f4 16. Bf2 Bxg5 17. hxg5 Ng8 18. Qd2 Bd7 19. Bb5 Bxb5 20. Nxb5 a6 21. Na3 Qxg5 22. Nc4 Qe7 23. Rac1 Nh6 24. Rc3 Nf7 25. cxd6 cxd6 26. Nb6 Rad8 27. Rec1 Ng3 28. Bxg3 fxg3 29. Kf1 Qh4 30. Ke2 g5 31. Qe3 g4 32. fxg4 Ng5 33. Qxg3 Qh6 34. Rc8 Nxe4 35. Qe3 Qg6 36. Rxd8 Rxd8 37. Qf3 Qh6 38. Rc2 Ng5 39. Qf5 e4 40. Nd7 Qg7 41. Nf6 Qg6 42. Rc7 Rf8 43. Rc8 Rxc8 44. Qxc8+ Kg7 45. Nh5+ 1-0

[Event "Cheliabinsk Region-ch"]
[Site "Cheliabinsk"]
[Date "2008.03.01"]
[Round "1"]
[White "Mokin, Nikolai"]
[Black "Konin, Viacheslav"]
[Result "1-0"]
[WhiteElo "2321"]
[BlackElo "2125"]
[PlyCount "59"]
[EventDate "2008.03.01"]
[EventType "swiss"]
[EventRounds "9"]
[EventCountry "RUS"]
[SourceTitle "CBM 123 Extra"]
[Source "ChessBase"]
[SourceDate "2008.05.06"]
[SourceVersion "1"]
[SourceVersionDate "2008.05.06"]
[SourceQuality "1"]

1. d4 d5 2. c4 e5 3. dxe5 d4 4. Nf3 Nc6 5. g3 Nge7 6. Bg2 Ng6 7. Bg5 Be7 8. Bxe7 Qxe7 9. 0-0 Qc5 10. Nbd2 Ngxe5 11. Nb3 Qxc4 12. Rc1 Qa4 13. Nxe5 Nxe5 14. Rc5 Nc6 15. Qc2 0-0 16. Rxc6 bxc6 17. Bxc6 Bf5 18. Qc5 Qxa2 19. Nc1 Qxb2 20. Bxa8 Bh3 21. Bg2 Bxg2 22. Kxg2 Qb6 23. Nd3 Re8 24. Rc1 Qe6 25. Nf4 Qe4+ 26. Kg1 h6 27. Qxa7 g5 28. Nd3 c6 29. Qd7 Qxe2 30. Re1 1-0

[Event "Cheliabinsk Region Cup 5th"]
[Site "Cheliabinsk"]
[Date "2007.09.07"]
[Round "6"]
[White "Mokin, Nikolai"]
[Black "Vyatkin, Dmitry"]
[Result "0-1"]
[WhiteElo "2293"]
[BlackElo "2355"]
[PlyCount "88"]
[EventDate "2007.09.02"]
[EventType "swiss"]
[EventRounds "9"]
[EventCountry "RUS"]
[SourceTitle "EXT 2022"]
[Source "ChessBase"]
[SourceDate "2021.10.06"]
[SourceVersion "1"]
[SourceVersionDate "2021.10.06"]
[SourceQuality "1"]

1. d4 Nf6 2. c4 g6 3. Nc3 Bg7 4. e4 0-0 5. Nf3 d6 6. Be2 e5 7. 0-0 Nbd7 8. Re1 Re8 9. Bf1 a5 10. b3 Ng4 11. Bg5 f6 12. Bh4 h5 13. Bg3 c6 14. Qd2 Qe7 15. h3 Nh6 16. Rad1 Nf7 17. Na4 Bh6 18. Qc2 Kh7 19. c5 dxc5 20. dxc5 Bf8 21. Bc4 Kg7 22. Rc1 Nd8 23. Nd2 Nxc5 24. Nb6 Rb8 25. f4 Qc7 26. fxe5 fxe5 27. Nxc8 Rxc8 28. Nf3 b5 29. Nxe5 Rxe5 30. Qc3 Nd7 31. Be2 Bb4 32. Qb2 Bxe1 33. Rxe1 Nf7 34. Rf1 Rce8 35. Kh1 Nf6 36. Bd3 Qe7 37. Bh4 g5 38. Bg3 Kg8 39. Bxe5 Nxe5 40. Qd2 Nxd3 41. Qxd3 Nxe4 42. Rf5 h4 43. Kg1 Ng3 44. Rf8+ Kxf8 0-1